[Event "Central America Carribean-ch U20"]
[Site "Porlamar"]
[Date "2015.08.27"]
[Round "7"]
[White "Singh, Mahendra"]
[Black "Bellorin Gonzalez, Humberto Javi"]
[Result "1/2-1/2"]
[WhiteElo "1861"]
[BlackElo "1592"]
[PlyCount "93"]
[EventDate "2015.08.22"]
[EventType "swiss"]
[EventRounds "9"]
[EventCountry "VEN"]
[SourceTitle "EXT 2018"]
[Source "ChessBase"]
[SourceDate "2017.10.13"]
[SourceVersion "1"]
[SourceVersionDate "2017.10.13"]
[SourceQuality "1"]

1. e4 e5 2. Nf3 Nc6 3. Bc4 Bc5 4. d3 Nf6 5. Bg5 h6 6. Bh4 g5 7. Bg3 d6 8. h3 Be6 9. Nbd2 Qe7 10. c3 0-0-0 11. Bb5 Bd7 12. a4 a6 13. b4 Ba7 14. Bc4 Be6 15. b5 Nb8 16. Rb1 Bxc4 17. Nxc4 d5 18. exd5 Nxd5 19. Qc2 Nf4 20. 0-0 e4 21. dxe4 Rhe8 22. e5 Qc5 23. Qf5+ Nd7 24. Qe4 axb5 25. Rxb5 Qc6 26. Qxc6 Ne2+ 27. Kh2 bxc6 28. Ra5 Bb6 29. Ra8+ Kb7 30. Rxd8 Rxd8 31. a5 Nxg3 32. Kxg3 Ba7 33. Rb1+ Ka6 34. Nd4 Bxd4 35. cxd4 Nf8 36. Rc1 Rxd4 37. Ne3 c5 38. Rxc5 Ne6 39. Rc3 h5 40. Ra3 Re4 41. Nd5 c5 42. Nf6 Rxe5 43. Nxh5 c4 44. Kf3 Rxa5 45. Rc3 Kb5 46. Ng3 Kb4 47. Rc1 1/2-1/2

[Event "Central America Carribean-ch U20"]
[Site "Porlamar"]
[Date "2015.08.24"]
[Round "5"]
[White "Singh, Mahendra"]
[Black "Lopez Abreu, Michel Samuel"]
[Result "0-1"]
[WhiteElo "1861"]
[BlackElo "1928"]
[PlyCount "84"]
[EventDate "2015.08.22"]
[EventType "swiss"]
[EventRounds "9"]
[EventCountry "VEN"]
[SourceTitle "EXT 2018"]
[Source "ChessBase"]
[SourceDate "2017.10.13"]
[SourceVersion "1"]
[SourceVersionDate "2017.10.13"]
[SourceQuality "1"]

1. d4 Nf6 2. c4 e6 3. Nc3 Bb4 4. Bg5 h6 5. Bh4 c5 6. a3 Bxc3+ 7. bxc3 Qa5 8. Qd3 Ne4 9. Rc1 Qxa3 10. Rc2 Qa1+ 11. Qd1 Qxd1+ 12. Kxd1 b6 13. f3 Nd6 14. e4 Ba6 15. Bf2 Bxc4 16. Bxc4 Nxc4 17. dxc5 bxc5 18. Bxc5 Nc6 19. Ra2 d6 20. Bf2 a5 21. Kc2 Kd7 22. Ne2 Rhb8 23. Rha1 Rb7 24. Nc1 Rab8 25. Nd3 f6 26. f4 g5 27. f5 exf5 28. exf5 Re8 29. Re1 Rxe1 30. Nxe1 Rb5 31. g4 N6e5 32. h3 Kc6 33. Bd4 Kd5 34. Nd3 Ke4 35. Nf2+ Kf3 36. Kc1 Rb3 37. Kc2 Ra3 38. Rxa3 Nxa3+ 39. Kb3 Nb5 40. Nd1 Nxd4+ 41. cxd4 Nc6 42. Kc4 Ne7 0-1

[Event "Central America Carribean-ch U20"]
[Site "Porlamar"]
[Date "2015.08.22"]
[Round "2"]
[White "Colmenares Olivares, Cesar Eduardo"]
[Black "Singh, Mahendra"]
[Result "0-1"]
[WhiteElo "1571"]
[BlackElo "1861"]
[PlyCount "46"]
[EventDate "2015.08.22"]
[EventType "swiss"]
[EventRounds "9"]
[EventCountry "VEN"]
[SourceTitle "EXT 2018"]
[Source "ChessBase"]
[SourceDate "2017.10.13"]
[SourceVersion "1"]
[SourceVersionDate "2017.10.13"]
[SourceQuality "1"]

1. d4 Nf6 2. c4 g6 3. Nc3 Bg7 4. e4 d6 5. Nf3 0-0 6. h3 Nc6 7. Be3 e5 8. d5 Ne7 9. Qd2 a6 10. a4 Ne8 11. Bh6 f5 12. Bxg7 Kxg7 13. Be2 Bd7 14. h4 Nf6 15. exf5 Bxf5 16. Nh2 c6 17. g4 Bd7 18. g5 Ne8 19. Nf1 cxd5 20. cxd5 Qb6 21. Ne3 Qd4 22. Rd1 Qf4 23. Ng4 Bxg4 0-1

[Event "Caribbean Carnival U20"]
[Site "Port of Spain"]
[Date "2015.08.09"]
[Round "1.7"]
[White "Singh, Mahendra"]
[Black "Smith, Zurich"]
[Result "1-0"]
[WhiteElo "1861"]
[BlackElo "1353"]
[PlyCount "53"]
[EventDate "2015.08.09"]
[EventType "swiss"]
[EventRounds "7"]
[EventCountry "TRI"]
[SourceTitle "EXT 2024"]
[Source "ChessBase"]
[SourceDate "2023.10.10"]
[SourceVersion "1"]
[SourceVersionDate "2023.10.10"]
[SourceQuality "1"]

1. e4 e5 2. Nf3 Nc6 3. Bb5 f6 4. h3 Bc5 5. Nc3 a6 6. Bc4 b5 7. Bd5 Nge7 8. Nh4 b4 9. Na4 Bb6 10. Nxb6 cxb6 11. 0-0 d6 12. a3 b5 13. Ba2 d5 14. exd5 Nxd5 15. Qh5+ Kf8 16. Ng6+ Kg8 17. Nxh8 Kxh8 18. Bxd5 Qxd5 19. Qe8+ Qg8 20. Qxc6 Be6 21. axb4 Bd5 22. Qd6 Bc4 23. d3 Bd5 24. Rxa6 h6 25. Bxh6 gxh6 26. Qxf6+ Kh7 27. Qxh6# 1-0

[Event "Caribbean Carnival U20"]
[Site "Port of Spain"]
[Date "2014.08.07"]
[Round "2.1"]
[White "Singh, Vishnu"]
[Black "Singh, Mahendra"]
[Result "1-0"]
[WhiteElo "2070"]
[BlackElo "1798"]
[PlyCount "71"]
[EventDate "2014.08.07"]
[EventType "swiss"]
[EventRounds "7"]
[EventCountry "TRI"]
[SourceTitle "EXT 2024"]
[Source "ChessBase"]
[SourceDate "2023.10.10"]
[SourceVersion "1"]
[SourceVersionDate "2023.10.10"]
[SourceQuality "1"]

1. d4 d5 2. c4 c6 3. Nc3 Nf6 4. Bg5 h6 5. Bxf6 exf6 6. cxd5 cxd5 7. g3 Be6 8. Bg2 Nc6 9. a3 Be7 10. e4 dxe4 11. d5 0-0 12. dxe6 fxe6 13. Qxd8 Raxd8 14. Bxe4 Bc5 15. Bxc6 bxc6 16. Nf3 Rd3 17. Ke2 Rfd8 18. Rhd1 R3d7 19. Rxd7 Rxd7 20. Rd1 Rb7 21. b4 Bb6 22. Rd6 Kf7 23. Rxc6 e5 24. Nd2 Rd7 25. Nc4 Bd4 26. Nb5 Ke7 27. Rc7 Rxc7 28. Nxc7 Kd7 29. Nb5 Bb6 30. Nxb6+ axb6 31. a4 Kc6 32. g4 g6 33. Kd3 f5 34. f3 h5 35. h3 hxg4 36. hxg4 1-0

[Event "De Verteuil Memorial 20th"]
[Site "Port of Spain"]
[Date "2012.11.15"]
[Round "5"]
[White "Singh, Mahendra"]
[Black "Johnson, Gabriella"]
[Result "0-1"]
[WhiteElo "1775"]
[BlackElo "1552"]
[PlyCount "76"]
[EventDate "2012.10.18"]
[EventType "swiss"]
[EventRounds "7"]
[EventCountry "TRI"]
[SourceTitle "EXT 2024"]
[Source "ChessBase"]
[SourceDate "2023.10.10"]
[SourceVersion "1"]
[SourceVersionDate "2023.10.10"]
[SourceQuality "1"]

1. e4 e5 2. Nf3 Nc6 3. Bc4 Bc5 4. d3 d6 5. h3 Nf6 6. Bg5 Be6 7. Bb3 h6 8. Bh4 0-0 9. Nc3 Kh8 10. Qd2 Nd4 11. Na4 Nxf3+ 12. gxf3 Bb6 13. Bg3 Nh5 14. h4 Qd7 15. 0-0-0 f5 16. f4 exf4 17. Bxf4 Nxf4 18. Qxf4 Bxb3 19. axb3 fxe4 20. Qxe4 d5 21. Nxb6 axb6 22. Qg2 Qf7 23. Kb1 Qxf2 24. Qxd5 Ra5 25. Qxb7 Rfa8 26. Qxa8+ Rxa8 27. Rdf1 Qc5 28. c3 Qe3 29. Rd1 Rd8 30. Kc2 Rf8 31. Rd2 Rf2 32. Rhd1 Rxd2+ 33. Rxd2 Qh3 34. b4 Qxh4 35. Re2 g5 36. c4 g4 37. Re4 Qh2+ 38. Kc3 g3 0-1

[Event "San Fernando Truspec Lumkin op"]
[Site "San Fernando"]
[Date "2009.12.19"]
[Round "7"]
[White "Noel, Roderick"]
[Black "Singh, Mahendra"]
[Result "1-0"]
[WhiteElo "1882"]
[BlackElo "1843"]
[PlyCount "49"]
[EventDate "2009.12.05"]
[EventType "swiss"]
[EventRounds "7"]
[EventCountry "TRI"]
[SourceTitle "EXT 2024"]
[Source "ChessBase"]
[SourceDate "2023.10.10"]
[SourceVersion "1"]
[SourceVersionDate "2023.10.10"]
[SourceQuality "1"]

1. d4 d5 2. c4 c6 3. Nc3 Nf6 4. Nf3 h6 5. cxd5 cxd5 6. g3 Bf5 7. Bg2 e6 8. 0-0 Nc6 9. a3 Bd6 10. Nb5 Bb8 11. Re1 a6 12. Nc3 0-0 13. Nh4 Bh7 14. b4 b5 15. Be3 Bd6 16. Rc1 Nd7 17. Nxd5 Nxd4 18. Nc3 Nc2 19. Bxa8 Nxe1 20. Qxd6 Qxa8 21. Qxd7 g5 22. Rxe1 gxh4 23. Bxh6 Rd8 24. Qe7 hxg3 25. hxg3 1-0

[Event "San Fernando Truspec Lumkin op"]
[Site "San Fernando"]
[Date "2009.12.16"]
[Round "6"]
[White "Singh, Mahendra"]
[Black "Singh, Ravishen"]
[Result "0-1"]
[WhiteElo "1843"]
[BlackElo "2100"]
[PlyCount "54"]
[EventDate "2009.12.05"]
[EventType "swiss"]
[EventRounds "7"]
[EventCountry "TRI"]
[SourceTitle "EXT 2024"]
[Source "ChessBase"]
[SourceDate "2023.10.10"]
[SourceVersion "1"]
[SourceVersionDate "2023.10.10"]
[SourceQuality "1"]

1. e4 c5 2. Nc3 a6 3. a4 b6 4. Bc4 e6 5. Nf3 Bb7 6. d3 Qc7 7. Bd2 Nc6 8. 0-0 Nf6 9. Qe2 Be7 10. Ne1 Nd4 11. Qd1 h5 12. f4 0-0-0 13. Nf3 d5 14. exd5 exd5 15. Ba2 Nf5 16. Ne5 Bd6 17. Qf3 Nd4 18. Qd1 Rhe8 19. Nf3 Nf5 20. Ng5 c4 21. dxc4 dxc4 22. Qc1 Bc5+ 23. Kh1 h4 24. Bxc4 h3 25. Nxh3 Rh8 26. Bd3 Ng3+ 27. hxg3 Rxh3# 0-1